Counterfactual impact evaluation on EU cohesion policy interventions in training in companies

Evaluačná kultúra v rámci kohéznej politiky EÚ sa vyvíja smerom k viac rigorózným prístupom. Napriek tomu, že Európska komisia predstavila požiadavky na dopadové evaluácie, sú tieto evaluácie stále skôr vzácné. Zamestnanosť je jedným z kľúčových cieľov európskych politík. Aplikácia kontrafaktuálnej...

Descripción completa

Guardado en:
Detalles Bibliográficos
Autor principal: Potluka, Oto
Otros Autores: Brůha, Jan, Špaček, Martin, Vrbová, Lucie
Formato: Capítulo de libro
Lenguaje:inglés
Materias:
Etiquetas: Agregar Etiqueta
Sin Etiquetas, Sea el primero en etiquetar este registro!

MARC

LEADER 00000naa a2200000 4500
001 0223803
005 20221019173435.0
041 0 |a eng 
044 |a SK 
245 1 0 |a Counterfactual impact evaluation on EU cohesion policy interventions in training in companies  |c Oto Potluka, Jan Brůha, Martin Špaček, Lucie Vrbová 
520 |a Evaluačná kultúra v rámci kohéznej politiky EÚ sa vyvíja smerom k viac rigorózným prístupom. Napriek tomu, že Európska komisia predstavila požiadavky na dopadové evaluácie, sú tieto evaluácie stále skôr vzácné. Zamestnanosť je jedným z kľúčových cieľov európskych politík. Aplikácia kontrafaktuálnej dopadovej evaluácie na kohéznu politiku EÚ umožňuje porozumieť, ako táto jedna z nejdôležitejších politík EÚ funguje. 
610 2 0 |a zamestnanosť 
610 2 0 |a politika kohézna 
610 2 0 |a Európska únia 
610 2 0 |a vzdelávanie 
100 1 |a Potluka, Oto 
700 1 |a Brůha, Jan 
700 1 |a Špaček, Martin 
700 1 |a Vrbová, Lucie